[Event "Leipzig VfB op 18th"]
[Site "Leipzig"]
[Date "2011.03.23"]
[Round "3"]
[White "Liebs, Thomas"]
[Black "Kielstein, Hans"]
[Result "1-0"]
[WhiteElo "1829"]
[BlackElo "1990"]
[PlyCount "75"]
[EventDate "2011.03.20"]
[EventType "swiss"]
[EventRounds "9"]
[EventCountry "GER"]
[SourceTitle "CBM 141 Extra"]
[Source "ChessBase"]
[SourceDate "2011.05.03"]
[SourceVersion "1"]
[SourceVersionDate "2011.05.03"]
[SourceQuality "1"]

1. e4 e5 2. Nf3 Nc6 3. d4 exd4 4. Nxd4 Nf6 5. Bg5 Bc5 6. c3 h6 7. Be3 Bb6 8. Bc4 0-0 9. Nd2 d5 10. exd5 Nxd5 11. 0-0 Ne5 12. Bxd5 Qxd5 13. Qh5 c5 14. c4 Qd8 15. Nb5 Ng4 16. Bf4 g5 17. Bd6 Re8 18. f3 Ne3 19. Qxh6 Re6 20. Qh5 Nxf1 21. Ne4 Rg6 22. Be5 Kf8 23. Qh8+ Ke7 24. Bf6+ Rxf6 25. Qxf6+ Kf8 26. Qh6+ Ke7 27. Rxf1 Be6 28. Qxg5+ Kf8 29. Qh6+ Ke7 30. b3 a6 31. Nbd6 Qg8 32. Re1 Bc7 33. Qf6+ Kf8 34. Nxb7 Rb8 35. Nbxc5 Bb6 36. Kh1 Bxc5 37. Nxc5 Re8 38. Nxe6+ 1-0

[Event "Leipzig VfB op 16th"]
[Site "Leipzig"]
[Date "2009.04.03"]
[Round "6"]
[White "Botwinovskyy, Borys"]
[Black "Kielstein, Hans"]
[Result "1/2-1/2"]
[WhiteElo "1861"]
[BlackElo "1980"]
[PlyCount "53"]
[EventDate "2009.03.31"]
[EventType "swiss"]
[EventRounds "9"]
[EventCountry "GER"]
[SourceTitle "EXT 2010"]
[Source "ChessBase"]
[SourceDate "2010.11.25"]
[SourceVersion "1"]
[SourceVersionDate "2010.11.25"]
[SourceQuality "1"]

1. e4 e5 2. Nc3 Nf6 3. Bc4 Nxe4 4. Bxf7+ Kxf7 5. Nxe4 d5 6. Qf3+ Kg8 7. Ng5 Qd7 8. Qb3 Nc6 9. c3 h6 10. N5h3 Bc5 11. Ne2 g5 12. d4 exd4 13. cxd4 Nxd4 14. Nxd4 Bxd4 15. 0-0 c6 16. Kh1 Kg7 17. Qd3 Bb6 18. Bd2 Rf8 19. f4 g4 20. Ng1 Qf5 21. Qa3 Bd7 22. Ne2 Rae8 23. Bc3+ Kg8 24. Ng3 Qf7 25. Bb4 Re3 26. Bxf8 Rxa3 27. Bxa3 1/2-1/2

[Event "Leipzig VfB op 16th"]
[Site "Leipzig"]
[Date "2009.04.02"]
[Round "4"]
[White "Steiner, Albrecht"]
[Black "Kielstein, Hans"]
[Result "0-1"]
[WhiteElo "1635"]
[BlackElo "1980"]
[PlyCount "60"]
[EventDate "2009.03.31"]
[EventType "swiss"]
[EventRounds "9"]
[EventCountry "GER"]
[SourceTitle "EXT 2010"]
[Source "ChessBase"]
[SourceDate "2010.11.25"]
[SourceVersion "1"]
[SourceVersionDate "2010.11.25"]
[SourceQuality "1"]

1. e4 e5 2. Nf3 Nc6 3. Bc4 Bc5 4. c3 Qe7 5. b4 Bb6 6. a4 a5 7. b5 Nb8 8. 0-0 d6 9. d4 Bg4 10. dxe5 dxe5 11. Ba3 Bc5 12. Bxc5 Qxc5 13. Bxf7+ Kf8 14. Bb3 Qe7 15. Qd3 Nd7 16. Bd5 Nc5 17. Qe3 Bxf3 18. Qxf3+ Nf6 19. Nd2 g6 20. Nc4 Kg7 21. Qe3 Rhf8 22. f3 Rad8 23. Rfd1 b6 24. Qg5 Nxd5 25. Qxe7+ Nxe7 26. Rxd8 Rxd8 27. Nxe5 Rd2 28. Kf1 Nd3 29. Nc4 Rf2+ 30. Kg1 Rc2 0-1

[Event "Mecklenburg VP-ch Seniors op 08th"]
[Site "Plau am See"]
[Date "2008.10.12"]
[Round "7"]
[White "Lotz, Robert"]
[Black "Kielstein, Hans"]
[Result "0-1"]
[WhiteElo "1733"]
[BlackElo "1809"]
[PlyCount "86"]
[EventDate "2008.10.06"]
[EventType "swiss"]
[EventRounds "9"]
[EventCountry "GER"]
[SourceTitle "EXT 2022"]
[Source "ChessBase"]
[SourceDate "2021.10.06"]
[SourceVersion "1"]
[SourceVersionDate "2021.10.06"]
[SourceQuality "1"]

1. e4 e5 2. Nf3 Nc6 3. Bb5 a6 4. Ba4 Nf6 5. 0-0 Be7 6. Nc3 d6 7. d4 b5 8. Bb3 Nxd4 9. Nxd4 exd4 10. Ne2 c5 11. Bd5 Nxd5 12. exd5 0-0 13. Nf4 Bf5 14. c3 Bf6 15. g4 dxc3 16. gxf5 cxb2 17. Bxb2 Bxb2 18. Rb1 Be5 19. Nh3 Qh4 20. Qf3 Rfe8 21. Kg2 Bf6 22. Rfe1 Kf8 23. Re3 Bd4 24. Rxe8+ Rxe8 25. Rb3 b4 26. a3 a5 27. Kf1 h6 28. Qg3 Qxg3 29. fxg3 Bc3 30. Rb1 Re5 31. Nf4 Rxf5 32. Ke2 g5 33. Nd3 Rxd5 34. g4 c4 35. Nf2 Ke7 36. Ne4 Ke6 37. Rf1 Ke5 38. Nf6 Rd2+ 39. Ke3 Rd3+ 40. Ke2 Kd4 41. Rf5 Re3+ 42. Kf2 Re5 43. Rf3 b3 0-1

[Event "Mecklenburg VP-ch Seniors op 08th"]
[Site "Plau am See"]
[Date "2008.10.11"]
[Round "6"]
[White "Kielstein, Hans"]
[Black "Pamperin, Gerhard"]
[Result "1-0"]
[WhiteElo "1809"]
[BlackElo "1803"]
[PlyCount "71"]
[EventDate "2008.10.06"]
[EventType "swiss"]
[EventRounds "9"]
[EventCountry "GER"]
[SourceTitle "EXT 2022"]
[Source "ChessBase"]
[SourceDate "2021.10.06"]
[SourceVersion "1"]
[SourceVersionDate "2021.10.06"]
[SourceQuality "1"]

1. e4 e6 2. d4 d5 3. Nd2 Nf6 4. e5 Nfd7 5. Bd3 c5 6. c3 Nc6 7. Ne2 Be7 8. 0-0 0-0 9. f4 g6 10. Nf3 Re8 11. g4 Nf8 12. Be3 c4 13. Bc2 b5 14. Ng3 Bd7 15. f5 f6 16. Bh6 exf5 17. gxf5 gxf5 18. Nxf5 Ng6 19. N3h4 fxe5 20. Nxg6 hxg6 21. Nxe7+ Nxe7 22. dxe5 Qb6+ 23. Kh1 Nf5 24. Bf4 Qc6 25. Qe1 Qe6 26. Rg1 Re7 27. Rg2 Rg7 28. Bxf5 gxf5 29. Rxg7+ Kxg7 30. Qh4 Be8 31. Rg1+ Bg6 32. Qh6+ Kf7 33. h4 Rg8 34. h5 Rg7 35. hxg6+ Rxg6 36. Qxg6+ 1-0

[Event "Leipzig VfB op 15th"]
[Site "Leipzig"]
[Date "2008.03.01"]
[Round "8"]
[White "Huebner, Sebastian"]
[Black "Kielstein, Hans"]
[Result "1-0"]
[WhiteElo "1842"]
[BlackElo "1983"]
[PlyCount "83"]
[EventDate "2008.02.26"]
[EventType "swiss"]
[EventRounds "9"]
[EventCountry "GER"]
[SourceTitle "CBM 123 Extra"]
[Source "ChessBase"]
[SourceDate "2008.05.06"]
[SourceVersion "1"]
[SourceVersionDate "2008.05.06"]
[SourceQuality "1"]

1. d4 Nf6 2. c4 g6 3. Nc3 Bg7 4. Nf3 d6 5. Bf4 Nbd7 6. e3 Nh5 7. Bg5 h6 8. Bh4 g5 9. Nd2 Nhf6 10. Bg3 e5 11. dxe5 Nxe5 12. Be2 Bd7 13. c5 Bc6 14. 0-0 Ng6 15. cxd6 cxd6 16. Nc4 d5 17. Nd6+ Kf8 18. Nf5 h5 19. Nxg7 Kxg7 20. h3 h4 21. Bh2 Re8 22. Nb5 Bxb5 23. Bxb5 Re6 24. b3 Rc8 25. Qd2 a6 26. Be2 Rec6 27. Rac1 Qd7 28. Bf3 Qe6 29. Qb2 Rxc1 30. Rxc1 Rxc1+ 31. Qxc1 g4 32. hxg4 Nxg4 33. Qa1+ f6 34. Qd4 Nxh2 35. Kxh2 Qd6+ 36. Kg1 Qa3 37. Qxd5 Qc1+ 38. Qd1 Qc7 39. Bg4 Ne5 40. Bf5 Kh6 41. f4 Ng6 42. Qg4 1-0